| 000 | 00659pam a2200217 a 4500 | ||
|---|---|---|---|
| 001 | 598613 | ||
| 005 | 20180306070223.0 | ||
| 008 | 910717s1991 nyua 001 0 eng | ||
| 010 | _a 91028078 | ||
| 020 | _a0671749102 | ||
| 040 |
_aDLC _cDLC _dDLC |
||
| 041 | _aeng | ||
| 080 | _a158/.4 cov | ||
| 082 | 0 | 0 |
_a158/.4 cov _220 |
| 100 | 1 | _a58 | |
| 101 | _aled | ||
| 245 | 1 | 0 |
_aPrinciple-centered leadership / _cStephen R. Covey. |
| 906 |
_a7 _bcbc _corignew _d1 _eocip _f19 _gy-gencatlg |
||
| 942 |
_2ddc _cBK |
||
| 999 |
_c44166 _d44166 |
||